Managerial economics : (رقم التسجيلة. 28946)

تفاصيل مارك
000 -الفاتح
حقل البيانات ثابتة الطول 00750nam a22002297a 4500
003 - محدد رقم الضبط
رقم الضبط OSt
005 - وقت وتاريخ اخر تعامل مع التسجيلة
رقم الضبط 20150408114125.0
008 - عناصر البيانات ثابتة الطول - معلومات عامة
حقل البيانات ثابتة الطول 130313s 2009nju||||g |||| 00| 0 eng d
020 ## - الرقم الدولى المعيارى للكتب
الرقم الدولى المعيارى للكتاب 9780135070659
040 ## - مصدر الفهرسة
وكالة الفهرسة الأصلية Ma-un
082 ## - رقم تصنيف ديوى العشرى
رقم التصنيف 338.5024658
رقم المادة K P M
100 ## - المدخل الرئيسى - إسم شخصى
الإسم الشخصى Keat, Paul G.
9 (RLIN) 34186
245 ## - بيان العنوان
العنوان Managerial economics :
بقية العنوان economic tools for today's decision makers /
بيان المسئوليه,etc Paul G. Keat, Philip K.Y.
250 ## - بيان الطبعة
بيان الطبعة 6th ed.
260 ## - PUBLICATION, DISTRIBUTION, ETC. (IMPRINT)
مكان الناشر او الموزع Upper Saddle River, N.J :
اسم الناشر او الموزع Pearson Education Internationa,
تاريخ النشر أو التوزيع 2009.
300 ## - الوصف المادى
التعداد xxiii, 598 p. :
تفاصيل ماديه اخرى للوعاء ill. ;
أبعاد الوعاء 26 cm.
500 ## - تبصرة عامة
تبصرة عامة Includes index.
500 ## - تبصرة عامة
تبصرة عامة Pearson International edition" -- Cover.
650 ## - المدخل الاضافى بالموضوع-مصطلح موضوعى
مصطلح موضوعي أو اسم جغرافي كعنصر مدخل Managerial economics
9 (RLIN) 17821
700 ## - المدخل الاضافى - اسم شخصى
الإسم الشخصى Young, Philip K. Y.
9 (RLIN) 34187
942 ## -
-- ddc
-- BOOK
999 ## -
-- 28946
-- 263446
المقتنيات
حالة الفقد نموذج السعر الفعال حالة تلف ليس للاعارة رقم الطلب رقم النسخة تاريخ الاكتساب Serial Enumeration / chronology الباركود الفرع الرئيسي Date last seen نوع المادة فى نظام كوها مصدر التصنيف او خطة الترفيف Total Checkouts
  2013-03-13   Not For Loan 338.5024658 K P M 1 2013-03-13 CL 00304692 المكتبة المركزية بالمجمعة (CL) 2013-03-13 كتاب Dewey Decimal Classification  
  2013-03-13     338.5024658 K P M 2 2013-03-13 CL 00304693 المكتبة المركزية بالمجمعة (CL) 2013-03-13 كتاب Dewey Decimal Classification  
  2013-03-13     338.5024658 K P M 3 2013-03-13 CL 00304694 المكتبة المركزية بالمجمعة (CL) 2013-03-13 كتاب Dewey Decimal Classification  
  2013-03-13   Not For Loan 338.5024658 K P M 1 2013-03-13 EMF 00304695 مكتبة مجمع الطالبات بالمجمعة (EMF) 2013-03-13 كتاب Dewey Decimal Classification  
  2013-03-13     338.5024658 K P M 2 2013-03-13 EMF 00304696 مكتبة مجمع الطالبات بالمجمعة (EMF) 2013-03-13 كتاب Dewey Decimal Classification  
  2013-03-13   Not For Loan 338.5024658 K P M 1 2013-03-13 EZF 00304699 مكتبة كلية التربية بالزلفى - طالبات (EZF) 2013-03-13 كتاب Dewey Decimal Classification  
  2013-03-13     338.5024658 K P M 2 2013-03-13 EZF 00304700 مكتبة كلية التربية بالزلفى - طالبات (EZF) 2013-03-13 كتاب Dewey Decimal Classification  
  2013-03-13   Not For Loan 338.5024658 K P M 1 2013-03-13 SZM 00304697 مكتبة مجمع الكليات بالزلفى - طلاب (SZM) 2013-03-13 كتاب Dewey Decimal Classification  
  2013-03-13     338.5024658 K P M 2 2013-03-13 SZM 00304698 مكتبة مجمع الكليات بالزلفى - طلاب (SZM) 2013-03-13 كتاب Dewey Decimal Classification